000 00504nam a2200157 4500
008 170124b xxu||||| |||| 00| 0 eng d
022 _a0893-8989
082 _aDPer 363.205 P75 May-Dec 2015 V. 39
100 _918552
_aMurgado, Amaury
245 _aThe radar functions of a supervisor/
_cAmaury Murgado.
260 _aCalifornia:
_bBobit Business Media,
_cc2015.
300 _apage 6;
_c28 cm.
500 _aPolice: the law enforcement magazine.
650 0 _918553
_aSupervisors
942 _2ddc
_cPER
999 _c6141
_d6141